Ho'oponopono a rodinné konstelace : láskyplné odpouštění ve vztazích /

Hlavní autor: Duprée, Ulrich Emil, 1962-
Další autoři: Hlavička, Jan, 1951-2018
Jazyk: Čeština
Vydáno: Praha : Pavel Dobrovský - Beta s.r.o., 2016
Vydání: Vydání první
Témata:
Fyzický popis: 158 stran : ilustrace (převážně barevné) ; 21 cm
Knihy
Uloženo v:
LEADER 02613nam a2200685 i 4500
001 nkc20162800825
003 CZ PrNK
005 20160630150259.0
007 ta
008 160527s2016 xr a e f 000 0 cze
015 |a cnb002800825 
020 |a 978-80-7306-827-1  |q (brožováno) 
035 |a (OCoLC)953517015 
040 |a OLA001  |b cze  |d ABA001  |e rda 
041 1 |a cze  |h ger 
072 7 |a 13  |x Filozofie ducha  |2 Konspekt  |9 5 
080 |a 615.85:259(739.9)  |2 MRF 
080 |a 316.614.5-025.12  |2 MRF 
080 |a 159.923.2  |2 MRF 
080 |a 177.74  |2 MRF 
080 |a 159.923.2:17.024.3  |2 MRF 
080 |a 316.356.2  |2 MRF 
080 |a 316.48:316.8  |2 MRF 
080 |a (0.062)  |2 MRF 
100 1 |a Duprée, Ulrich Emil,  |d 1962-  |7 ola2014838382  |4 aut 
240 1 0 |a Ho'oponopono und Familienstellen.  |l Česky 
245 1 0 |a Ho'oponopono a rodinné konstelace :  |b láskyplné odpouštění ve vztazích /  |c Ulrich Emil Duprée ; z německého originálu Ho'oponopono und Familienstellen ... přeložil Jan Hlavička 
246 3 0 |a Láskyplné odpouštění ve vztazích 
250 |a Vydání první 
264 1 |a Praha :  |b Pavel Dobrovský - Beta s.r.o.,  |c 2016 
300 |a 158 stran :  |b ilustrace (převážně barevné) ;  |c 21 cm 
336 |a text  |b txt  |2 rdacontent 
337 |a bez média  |b n  |2 rdamedia 
338 |a svazek  |b nc  |2 rdacarrier 
500 |a Terminologický slovník 
500 |a Havajsko-český slovník 
504 |a Obsahuje bibliografické odkazy 
650 0 7 |a Ho'oponopono  |7 ph842419  |2 czenas 
650 0 7 |a rodinné konstelace  |7 ph257869  |2 czenas 
650 0 7 |a sebepoznání  |7 ph116116  |x duchovní aspekty  |2 czenas 
650 0 7 |a odpuštění  |7 ph123699  |2 czenas 
650 0 7 |a vyrovnání se s minulostí  |7 ph210129  |x duchovní aspekty  |2 czenas 
650 0 7 |a rodinné vztahy  |7 ph135535  |2 czenas 
650 0 7 |a rodinné konflikty  |7 ph814040  |2 czenas 
650 0 9 |a Ho'oponopono  |2 eczenas 
650 0 9 |a family constellations  |2 eczenas 
650 0 9 |a self-consciousness  |x spiritual aspects  |2 eczenas 
650 0 9 |a forgiveness  |2 eczenas 
650 0 9 |a coming to terms with the past  |x spiritual aspects  |2 eczenas 
650 0 9 |a family relationships  |2 eczenas 
650 0 9 |a family conflicts  |2 eczenas 
655 7 |a populárně-naučné publikace  |7 fd131864  |2 czenas 
655 9 |a popular works  |2 eczenas 
700 1 |a Hlavička, Jan,  |d 1951-2018  |7 jn20000400961  |4 trl 
910 2 |a BOA001  |b 2-1369.057 
928 9 |a Beta 
990 |a BK 
995 |a 01 
991 |b 201606  |c NOV 
996 6 |b 2610671941  |c 2-1369.057  |l MZK  |r Sklad / do 1 hodiny  |n 4  |p p.v.  |w 001564453  |u 000010  |a 1  |e BOA001  |j MZK50  |s P